[Event "NED-chT"]
[Site "Netherlands"]
[Date "1998.??.??"]
[Round "?"]
[White "Gurevich, Mikhail"]
[Black "Ligterink, Gert"]
[Result "1-0"]
[WhiteElo "2635"]
[BlackElo "2435"]
[Annotator "Gurevich,M"]
[PlyCount "123"]
[EventDate "1998.??.??"]
[EventType "team"]
[EventRounds "9"]
[EventCountry "NED"]
[SourceTitle "CBM 067"]
[Source "ChessBase"]
[SourceDate "1998.11.30"]
[SourceVersion "2"]
[SourceVersionDate "1998.11.01"]
[SourceQuality "1"]

1. d4 Nf6 2. c4 e6 3. Nc3 Bb4 4. e3 O-O 5. Nge2 d5 6. a3 Be7 7. cxd5 Nxd5 8. g3
Nxc3 9. Nxc3 c5 10. dxc5 Qxd1+ 11. Kxd1 $5 Bxc5 (11... Rd8+ 12. Ke2 Nd7 13. b4
a5 14. Bb2 Ne5 15. Nd5 Rxd5 16. e4 Rd8 17. Bxe5 axb4 18. axb4 Rxa1 19. Bxa1 b6
20. cxb6 Bxb4 21. Be5 Rd2+ 22. Kf3 Bc5 23. Be2 Bb7 24. Rc1 Bxb6 25. Bc7 {
1/2-1/2 Najer,E-Belikov,V/Moscow 1995/EXP 50 (25)}) 12. Bg2 Nc6 13. Kc2 $5 (13.
Bd2 Rd8 14. Ke2 (14. Kc2 Bd7 15. Rhd1 Rac8 16. Rac1 Be7 $11) 14... e5 15. Rhd1
Be6 $132) 13... e5 $5 14. b4 Bb6 15. Bb2 (15. Nd5 Bf5+ 16. Kb2 Be6 $132) 15...
Be6 $1 {idea 16...Rac8, 17...Nd4} (15... Bf5+ 16. Kb3 Be6+ 17. Bd5 $14) 16. Bd5
{idea 17.Kb3} (16. Rad1 Rac8 (16... Rfc8 $5) 17. Kb1 Bb3 (17... Rfd8 18. Nd5
$14) 18. Rd7 Rfd8 19. Rxb7 Rd2 $132) 16... Rac8 (16... Nd4+ $5 17. exd4 exd4
18. Bxe6 dxc3 19. Bxc3 fxe6 20. f4 $11) 17. Kb3 (17. Bxe6 $2 fxe6 18. Rhf1 Nd4+
19. exd4 (19. Kd3 Nf3 20. Ne4 Nxh2 21. Rfc1 Ng4 $15) 19... exd4 $17) (17. Kb3 {
[#]}) 17... Nd4+ $1 18. exd4 Rxc3+ $1 (18... exd4 $2 19. Bxe6 dxc3 20. Bxc8
cxb2 21. Rad1 $18) 19. Kxc3 Bxd4+ (19... Bxd5 $1 20. Rhe1 (20. dxe5 Rc8+ 21.
Kd3 Bxh1 22. Rxh1 Bxf2 23. Rc1 $11) 20... Bxd4+ 21. Kc2 Rc8+ 22. Kb1 Bxf2 23.
Rxe5 Bb3 $1 $44 24. Re2 Bc4 $5 25. Rxf2 Bd3+ 26. Ka2 Bc4+ $11) 20. Kc4 $1 Rc8+
(20... Bxb2 21. Rad1 $14) 21. Kd3 Bxb2 (21... Bxd5 22. Rhc1 $16) 22. Bxe6 Rd8+
23. Ke4 Bxa1 24. Rxa1 fxe6 25. Rc1 $5 Rd7 (25... Rd2 26. Rc7 Rxf2 27. Rxb7 $16)
26. Kxe5 Kf7 27. Rc5 $14 Ke7 28. Ke4 (28. f4 $5 b6 29. Rc4 $1 Rd5+ 30. Ke4 Kd7
31. Rd4 $14) 28... Kf6 29. a4 $6 (29. f4 $14) 29... b6 30. Rc2 g5 $6 (30... Rd1
$1 31. Rc7 Rb1 $11) 31. b5 h6 (31... g4 $5 $11) 32. h3 $14 Ke7 33. Rc4 Kf6 34.
Rc8 Rd2 35. Ra8 Rd7 (35... Rxf2 $4 36. Rf8+ $18) 36. Rh8 Kg7 37. Re8 Kf7 38.
Rh8 Kg7 39. Rc8 Kf6 40. Rc2 Ke7 41. f3 Kf6 42. Rc6 Ke7 43. f4 gxf4 44. gxf4 Kf7
45. Rc1 $1 Kf6 46. Rc8 $1 a6 $5 (46... Kf7 47. Rc6 $22 Ke7 48. f5 exf5+ 49.
Kxf5 $16) (46... Kg6 47. Rc6 Kf7 48. h4 $16) 47. Rf8+ $1 (47. Rc6 axb5 48. axb5
Rd5 49. Rxb6 Rh5 50. Rb8 Rxh3 51. b6 Rb3 52. b7 Rb4+ 53. Kf3 Kg7 $11) 47... Ke7
$2 (47... Kg7 48. Rb8 axb5 49. axb5 Rd5 (49... Rd6 50. Ke5 Rd5+ 51. Kxe6 Rxb5
52. f5 $18) 50. Rxb6 Rh5 51. Kd4 $1 Kf6 52. Rb8 Rxh3 53. Kc4 $14) 48. Rh8 $1
$18 Kd6 (48... axb5 49. Rh7+ Kd6 50. Rxd7+ Kxd7 51. axb5 Kd6 52. Kd4 $18) (
48... Rd5 49. bxa6 Ra5 50. a7 Rxa7 51. Rh7+ $18) 49. Rxh6 axb5 50. axb5 Rf7 51.
Rh5 Ra7 52. Kf3 $1 (52. Re5 Ra3 53. h4 Rh3 54. h5 Kd7 $14) 52... Ra1 53. Re5
Rb1 54. Kg3 Rg1+ 55. Kf2 Rb1 56. Kf3 Rf1+ 57. Kg3 Rg1+ 58. Kf2 Rb1 59. h4 $18
Rh1 60. h5 {idea Kf2-g6} Ke7 61. f5 $1 Kf6 (61... Rxh5 62. f6+ $18) 62. fxe6
1-0

[Event "GER Cup"]
[Site "Germany"]
[Date "1996.??.??"]
[Round "?"]
[White "Gurevich, Mikhail"]
[Black "Cekro, Ekrem"]
[Result "1-0"]
[WhiteElo "2590"]
[BlackElo "2415"]
[Annotator "Gurevich,M"]
[PlyCount "71"]
[EventDate "1996.??.??"]
[EventType "game"]
[EventRounds "1"]
[EventCountry "GER"]
[SourceTitle "CBM 053"]
[Source "ChessBase"]
[SourceDate "1996.08.01"]
[SourceVersion "1"]
[SourceVersionDate "1996.08.01"]
[SourceQuality "1"]

1. d4 Nf6 2. c4 e6 3. Nc3 Bb4 4. e3 O-O 5. Nge2 d5 6. a3 Be7 7. cxd5 exd5 8. g3
c6 9. Bg2 Bf5 10. O-O Qd7 11. f3 h5 $5 {TN} (11... Bh3 12. Bxh3 Qxh3 13. e4
dxe4 14. Nf4 Qd7 15. fxe4 Na6 16. e5 Nd5 17. Ncxd5 cxd5 18. Be3 $14 {Epishin,
V-Anastasian,A Tbilisi 1989}) (11... c5 $6 12. g4 Be6 13. Nf4 $36) 12. e4 dxe4
13. fxe4 Bg4 14. Be3 Nh7 $5 {[/\15...h4<=>>>;15...Ng5]} 15. Qe1 $1 Ng5 (15...
h4 16. gxh4 Qd8 17. Bf2 $16) 16. Nf4 Na6 (16... Nh3+ $6 17. Kh1 Nxf4 18. gxf4
Bh3 19. f5 $16) (16... Bf6 17. e5 Be7 18. Rf2 $5 {(/\19.Qf1,20.h3)} Na6 19. Qf1
Nc7 20. h3 Bf5 21. Kh2 g6 22. h4 Nge6 23. Nxh5 Nxd4 24. Rd1 Nce6 25. Nf4 $40)
17. Kh1 $5 {[/\18.Qf2]} (17. Rf2 Nc7 18. Qf1 Nce6 $13 19. h3 $2 Nxf4 20. gxf4
Nxh3+ $17) 17... Nc7 (17... Rad8 18. Qf2 Nc7 19. Rac1 $14) 18. Qf2 Bf6 $5 {
[/\19...Rad8<=>><d4]} (18... Nce6 19. h3 $1 Nxf4 20. gxf4 Nxh3 21. Qg3 {
(/\22.Kh2)} h4 22. Qh2 {(/\23.f5)} Rfe8 23. f5 Bd6 (23... Ng5 24. Qxh4 $16) 24.
e5 Bxf5 25. Rf3 $1 (25. Rxf5 Qxf5 26. Rf1 $40 (26. Qxh3 $36)) 25... Bg4 26.
Rxh3 Bxh3 27. Bxh3 Qd8 28. Rg1 $40) 19. Rac1 $1 {[/\20.e5,21.d5]} (19. e5 Be7
$13 {(/\20...Nge6)} 20. d5 cxd5 21. Ncxd5 Nxd5 22. Nxd5 Bh3 $132) 19... Rae8 $1
(19... Rad8 $6 20. e5 Be7 21. d5 $1 cxd5 22. Ncxd5 Nxd5 23. Nxd5 Nh3 24. Qe1 $1
{(/\25.Rc7)} Rc8 25. Bxa7 $16) 20. Rc2 $1 {[/\21.Rd2]} (20. e5 Bd8 $1 $13 {
(/\21...Nge6)}) 20... c5 $6 $138 (20... g6 $2 21. Nxh5 $16) (20... a6 $142 21.
Rd2 Qc8 $14 {(/\22...c5<=>)} 22. e5 Bd8 $132) 21. e5 $1 $16 cxd4 22. Bxd4 Bxe5
23. Bxe5 Rxe5 24. Rd2 Qe7 25. Qxa7 Re1 26. Rdf2 (26. Qf2 $5 Rxf1+ 27. Qxf1 $16
{(><b7)}) 26... b5 27. Rxe1 Qxe1+ 28. Rf1 Qe5 29. Nd3 $1 Qd6 30. Qe3 Re8 (30...
Nge6 31. h3 $16) (30... Nh7 31. Ne5 $36) 31. Qxg5 Qxd3 32. h3 $1 $16 Be6 (32...
Be2 33. Rf2) (32... Qxg3 $2 33. hxg4 h4 34. Qf4 $18) 33. Kh2 Qc2 (33... g6 34.
Ne4 Nd5 35. Rf2 $16 {(/\36.Rd2)} (35. Nc5 $6 Qe2 $13 36. Nxe6 Ne3 $132)) (33...
Qg6 34. Qe5 $16) (33... h4 $5 34. gxh4 $1 $16 (34. Qxh4 Qc2 35. Qf4 Qxb2 36.
Qxc7 Rc8 $10)) 34. Ne4 $1 {[/\35.Nf6]} (34. Qc5 $5 Rc8 (34... Qxb2 35. Nd1 $1 (
35. Qxc7 Rc8 $13) 35... Na6 36. Qc6 $18) 35. Rf2 $16) 34... Nd5 35. Rf2 $18 Qc7
36. Qxh5 {Time} (36. Qxh5 $18 Ne3 37. Qg5 Nxg2 38. Nf6+ $18) 1-0

[Event "EU-ch 5th"]
[Site "Antalya"]
[Date "2004.05.17"]
[Round "3"]
[White "Gurevich, Mikhail"]
[Black "Stocek, Jiri"]
[Result "1-0"]
[WhiteElo "2672"]
[BlackElo "2543"]
[Annotator "Gurevich,M"]
[PlyCount "112"]
[EventDate "2004.05.15"]
[EventType "swiss"]
[EventRounds "13"]
[EventCountry "TUR"]
[SourceTitle "CBM 101"]
[Source "ChessBase"]
[SourceDate "2004.07.27"]
[SourceVersion "1"]
[SourceVersionDate "2004.07.27"]
[SourceQuality "1"]

1. d4 Nf6 2. c4 e6 3. Nc3 Bb4 4. e3 O-O 5. Nge2 Re8 6. a3 Bf8 7. d5 a5 8. g3
Na6 9. Bg2 Nc5 10. b3 c6 11. O-O cxd5 (11... Qb6 12. Rb1 exd5 13. cxd5 Nce4 14.
Bb2 d6 15. Rc1 Bd7 16. Qc2 Nc5 17. Nd4 Rac8 18. dxc6 bxc6 $13 {1/2-1/2
Vyzmanavin,A-Salov,V/Jurmala 1983/MCL (33)}) 12. cxd5 e5 13. Rb1 $5 {TN} (13.
e4 $6 b6 14. f3 Ba6 15. Be3 Nb7 16. Kh1 Bc5 17. Qd2 Qe7 18. Na4 Bxa3 19. Nxb6
Bb4 20. Qc2 Rab8 21. Rfc1 Ba3 22. Rcb1 Bc5 $15 {0-1 Gamarra Caceres,C-Sunye
Neto,J/Corrientes 1985/EXT 2001 (59)}) 13... d6 14. e4 {[/\15.h3,16.Be3;} (14.
b4 axb4 15. axb4 Ncd7 16. e4 Nb6 $132) 14... Bd7 15. h3 h5 $5 {[/\16...h4<=>>>;
} (15... b5 16. b4 axb4 17. axb4 Na4 18. Qd3 Qb8 19. Bd2 Rc8 20. Rfc1 $14) 16.
Be3 (16. b4 axb4 17. axb4 Na4 18. Nxa4 Bxa4 19. Qd3 Qc7 $132) 16... h4 17. Qd2
(17. gxh4 $6 Nh7 18. h5 Qh4 $36) (17. g4 $5 Be7 {(/\18...Nh7,18...Bg5)} 18. f4
exf4 19. Bxc5 $1 dxc5 20. e5 Nh7 21. Nxf4 Bg5 22. e6 $1 $36) 17... hxg3 18.
fxg3 Be7 19. Nc1 $5 Nh7 20. Bxc5 $6 (20. Nd3 $142 Nxd3 21. Qxd3 Bg5 22. Na4 $5
$36) 20... dxc5 21. Nd3 {[/\22.a4,Nd3-b2-c4]} Ra6 $1 {[/\22...Rh6<=>>>]} 22. a4
(22. Nxe5 $4 Bg5 23. Qf2 Rxe5 24. Qxf7+ Kh8 $19) 22... Rh6 23. Qf2 Rf8 (23...
Ng5 24. h4 Nh3+ 25. Bxh3 Bxh3 26. Qxf7+ (26. Rfc1 Qc8 $40) 26... Kh7 27. Qf3 (
27. Rf2 Rf8 $19) 27... Rf8 28. Qe2 Bxf1 29. Rxf1 $44) (23... Rf6 24. Qe2 Bd6 (
24... Rh6 25. Nxe5 $14) 25. Nb2 $132) 24. Nxe5 $5 Bf6 25. Nxf7 $1 (25. Nxd7 Bd4
26. Nxf8 Kxf8 $13) 25... Rxf7 26. e5 Ng5 $5 (26... Bxh3 27. Bxh3 Rxh3 28. Kg2
$13) 27. exf6 Bxh3 28. Qe3 (28. Qxc5 $6 Bxg2 29. Kxg2 Qd7 30. Rh1 Rhxf6 $40)
28... Bxg2 29. Kxg2 Rhxf6 30. Rbe1 (30. Rf4 Qd7 $36) (30. Rxf6 Qxf6 31. Rh1 Qf5
$36) 30... Nf3 $1 (30... Rxf1 31. Rxf1 Rxf1 32. Kxf1 Qf6+ 33. Ke2 $14) 31. Rd1
Qf8 {[/\32...Nh4]} 32. Rh1 Nd4 33. Ne4 Rf3 34. Qg5 Rxb3 $6 $138 (34... Nc2 $1
35. Kh2 Ne3 $17) 35. Rd2 $1 $36 Nf5 36. Re2 Re7 37. Qh5 Nh6 38. d6 $6 $138 (38.
Rf1 Rf7 39. Rxf7 Qxf7 40. Qxf7+ Nxf7 41. Nxc5 $14) (38. d6 {[#][#]Diagrama})
38... Re5 $1 39. Nf6+ $1 (39. Qxe5 Qf3+ $19) 39... Qxf6 $2 (39... gxf6 40. Rxe5
fxe5 41. Qg6+ Qg7 42. Qe6+ Qf7 43. Rxh6 $11) 40. Rxe5 Rb2+ 41. Re2 Rxe2+ 42.
Qxe2 Qxd6 43. Rd1 $16 Qc6+ 44. Qf3 Qe8 (44... Qxa4 45. Rd8+ Kh7 46. Qd3+ g6 47.
Rd7+ $18) 45. Rd5 b6 46. Rd6 Nf7 47. Rxb6 $18 c4 48. Ra6 Qd7 49. Ra8+ $6 (49.
Qc6 $1 $18) 49... Kh7 50. Qe4+ g6 51. Re8 Qd2+ $2 (51... Qxa4 52. Re7 Kg7 53.
Qf3 Qc2+ 54. Kh3 Qf5+ 55. Qxf5 gxf5 56. Rc7 $16) 52. Kg1 c3 53. Re7 Qd1+ 54.
Kg2 Qd2+ 55. Qe2 $18 Qd5+ 56. Qf3 Qd2+ (56... Qd2+ 57. Kf1 Kh6 (57... Qc1+ 58.
Re1) 58. Rxf7 c2 59. Qh1+ Kg5 60. Qh4#) 1-0

[Event "Escaldes zt"]
[Site "Escaldes"]
[Date "1998.11.06"]
[Round "1"]
[White "Gurevich, Mikhail"]
[Black "Wells, Peter K"]
[Result "1-0"]
[WhiteElo "2610"]
[BlackElo "2515"]
[Annotator "Gurevich,M"]
[PlyCount "99"]
[EventDate "1998.11.06"]
[EventType "swiss"]
[EventRounds "9"]
[EventCountry "AND"]
[SourceTitle "CBM 068"]
[Source "ChessBase"]
[SourceDate "1999.02.01"]
[SourceVersion "1"]
[SourceVersionDate "1999.02.01"]
[SourceQuality "1"]

1. d4 Nf6 2. c4 e6 3. Nc3 Bb4 4. e3 O-O 5. Nge2 d5 6. a3 Be7 7. cxd5 Nxd5 8. g3
Nxc3 9. Nxc3 c5 10. dxc5 Qxd1+ 11. Kxd1 Bxc5 12. Bg2 Nd7 $5 (12... Nc6 {
- Gurevich M.-Ligterinck,G Dutch tch 1998}) 13. Bd2 (13. b4 $6 Be7 14. Bb2 Nb6
15. Kc2 Nc4 $132) 13... Be7 (13... Rd8 14. Kc2 Ne5 15. Rhd1 {(/\ 16.Be1)} Ng4
16. Ne4 Be7 17. h3 $14) 14. Kc2 Rb8 15. Rhd1 b5 $5 16. e4 $5 a5 {[/\ 17...
b4<=><<]} 17. Bf4 Rb7 (17... e5 18. Be3 $14 (18. Nd5 Bc5 19. Be3 Bxe3 20. Nxe3
Nf6 21. b4 $14)) 18. Bd6 $5 Bxd6 19. Rxd6 (19. e5 $1 Rb6 (19... Bxe5 20. Bxb7
Bxb7 21. Rxd7 Bc6 22. Ra7 $16 b4 23. Rxa5 $18) 20. exd6 Bb7 21. Bxb7 Rxb7 22.
b4 $14) 19... Ne5 $1 $132 20. f4 Nc4 21. Rd3 b4 22. axb4 axb4 23. Nd1 e5 $1 24.
Ne3 Nxe3+ (24... b3+ $5 25. Kc1 (25. Kc3 $2 Nxe3 26. Rxe3 Rc7+ $19) (25. Rxb3
Rxb3 26. Nxc4 Rb7 27. Nxe5 Be6 $15) 25... Nxe3 26. Rxe3 Be6 27. Rc3 Rd8 $11)
25. Rxe3 Be6 26. Bf1 Rc7+ 27. Kd2 Rfc8 (27... Rd8+ 28. Rd3 Rdc8 29. Ke3 $11)
28. Bd3 g6 29. Ra4 b3 $6 $138 (29... exf4 30. gxf4 b3 $11) 30. f5 $1 $14 Rc2+ (
30... Bd7 31. Rb4 $14) (30... Bc4 31. Bxc4 Rxc4 32. Rxc4 Rxc4 33. Rxb3 Rxe4 34.
f6 $16) 31. Bxc2 Rxc2+ 32. Kd1 gxf5 33. Re2 (33. exf5 Bxf5 34. Rxe5 $18) 33...
Rc5 34. exf5 Bxf5 35. Rb4 Be6 (35... Bc2+ 36. Kd2 Rd5+ 37. Ke3 Kg7 (37... Ra5
$14) 38. Rd2 $14) 36. Kd2 Kg7 37. Rbe4 f6 $6 (37... Kf6 38. Ke3 $14) 38. Rb4
Kg6 39. Rb6 Kf7 40. Ke3 $16 {[/\Re2-d2-d6]} f5 41. Rd2 Bd5 42. Rd3 $1 {[/\43.
Rc3]} Kg7 43. Rc3 Rxc3+ 44. bxc3 Kf7 45. Rb4 Kf6 46. c4 Be6 47. Kd3 $18 f4 48.
gxf4 exf4 49. Rxb3 f3 50. Kd4 1-0

[Event "YUG-chT"]
[Site "Niksic"]
[Date "1996.??.??"]
[Round "7"]
[White "Gurevich, Mikhail"]
[Black "Komarov, Dimitri"]
[Result "1-0"]
[WhiteElo "2605"]
[BlackElo "2595"]
[Annotator "Gurevich,M"]
[PlyCount "59"]
[EventDate "1996.??.??"]
[EventType "team"]
[EventRounds "12"]
[EventCountry "YUG"]
[SourceTitle "EXT 2000"]
[Source "ChessBase"]
[SourceDate "1999.11.16"]
[SourceVersion "1"]
[SourceVersionDate "1999.11.16"]
[SourceQuality "1"]

1. d4 Nf6 2. c4 e6 3. Nc3 Bb4 4. e3 O-O 5. Nge2 d5 6. a3 Be7 7. cxd5 Nxd5 8.
Qc2 Nd7 9. e4 (9. Nxd5 exd5 10. Ng3 Re8 11. Bd3 Nf8 12. b4 c6 13. Bd2 Bd7 14.
O-O Rc8 15. Qb3 Bd6 16. b5 Qh4 $36 {0-1 Corral,Blanco Juan A-Armas,Jorge/It 
(open), XI, Alcobendas (Spain) (6) 1994 (37)}) 9... Nxc3 10. Nxc3 c5 11. d5 Bf6
12. dxe6 fxe6 13. f4 $5 {TN} (13. Be3 {-51/563}) 13... Bd4 14. e5 Nb6 15. Bd3
Qh4+ $5 (15... h6 16. Qe2 $5 {/\17.Qe4}) (15... g6 16. h4 $5 $40) 16. g3 Qh3
17. Ne4 {/\18.Ng5} c4 $5 18. Bf1 (18. Ng5 cxd3 19. Qxd3 Bf2+ 20. Kxf2 Qh5 21.
Qf3 Qg6 22. Rd1 Bd7 $44) 18... Qh5 19. Bg2 Rd8 $6 (19... Bd7 $1 20. Qd2 Bc6 21.
Qxd4 Rad8 22. Qe3 Rd1+ 23. Kf2 Rxh1 24. Bxh1 Qxh2+ 25. Bg2 Rd8 $44 26. Qe1 Bxe4
(26... Rd4 27. Be3 Rxe4 (27... Bxe4 28. Qh1 Qxh1 29. Bxh1 Bxh1 30. Bxd4 $18)
28. Qh1 Qxh1 29. Bxh1 $16) 27. Qxe4 Rd1 28. Qxb7 (28. Rb1 Qg1+ 29. Kf3 Rd3+ 30.
Kg4 (30. Ke2 Qd1+ 31. Kf2 Qc2+ $19) 30... Qf2 $19) (28. f5 Qg1+ 29. Kf3 Rxc1 (
29... Rd3+ 30. Kg4 exf5+ 31. Qxf5 Qxg2 32. Qe6+ Kf8 33. Qf5+ Ke8 34. Qe6+ Kd8
$15) 30. Rxc1 Qxc1 31. fxe6 Qxb2 32. Qxb7 $36) 28... Qg1+ (28... h5 29. Qc6
Qg1+ 30. Kf3 Rd3+ 31. Ke2 $13) 29. Kf3 Rd7 30. Qc6 (30. Qe4 Rd3+ 31. Ke2 Rd1
32. Kf3 Rd3+ $44) 30... Qd1+ 31. Kf2 Qd4+ $10) 20. Ng5 $1 $40 {/\ 21.Bf3} Bd7
21. Bf3 Qh6 22. Be4 g6 (22... Ba4 23. Bxh7+ Kf8 24. Qg6 Qxg6 (24... Bc3+ 25.
Ke2 $18) 25. Bxg6 Ke7 26. Nf3 $16) 23. h4 {/\ 24.h5} Qf8 (23... c3 24. h5 cxb2
25. Bxb2 Rac8 26. Qb3 Bxb2 27. Qxb2 $40) 24. h5 Ba4 (24... h6 25. hxg6 hxg5 26.
Rh8+ Kxh8 27. Qh2+ $18) 25. Qh2 $1 $18 (25. Qe2 Bxe5 26. Nxe6 $16 (26. fxe5
Rd1+ 27. Qxd1 Bxd1 28. hxg6 $1 $40 (28. Kxd1 Qf2 $132))) 25... Bc5 (25... Bxe5
26. fxe5 Rd1+ 27. Ke2 Rxh1 28. Qxh1 $18) 26. hxg6 h6 27. Nxe6 Rd1+ 28. Ke2 Rxh1
29. Qxh1 Qe7 30. Qxh6 (30. Qxh6 Qxe6 31. Qh7+ Kf8 32. g7+ $18) 1-0

[Event "EU-Cup 12th final"]
[Site "Budapest"]
[Date "1996.11.24"]
[Round "4"]
[White "Gurevich, Mikhail"]
[Black "Kveinys, Aloyzas"]
[Result "1-0"]
[WhiteElo "2605"]
[BlackElo "2530"]
[Annotator "Gurevich,M"]
[PlyCount "69"]
[EventDate "1996.11.21"]
[EventType "team-k.o."]
[EventRounds "4"]
[EventCountry "HUN"]
[SourceTitle "EXT 2020"]
[Source "ChessBase"]
[SourceDate "2019.10.17"]
[SourceVersion "1"]
[SourceVersionDate "2019.10.17"]
[SourceQuality "1"]
[WhiteTeam "Eupen-Kelmis Rochade"]
[BlackTeam "Vilnius Kaise"]
[WhiteTeamCountry "BEL"]
[BlackTeamCountry "LTU"]

1. d4 Nf6 2. c4 e6 3. Nc3 Bb4 4. e3 O-O 5. Nge2 Re8 6. a3 Bf8 7. d5 e5 (7... d6
8. g3 Nbd7 9. Bg2 Ne5 10. b3 exd5 11. cxd5 c6 12. O-O Bd7 13. e4 cxd5 14. exd5
Bg4 $132 {1-0 Gyimesi,Z-Bareev,E/Vienna op (5) 1996 (76)}) 8. Ng3 a5 9. Be2 Na6
10. Rb1 $5 (10. O-O Nc5 11. b3 g6 12. e4 $14) 10... c6 11. O-O (11. e4 Bc5 12.
O-O Bd4 $132) 11... cxd5 (11... d6 12. e4 g6 13. Be3 $14) 12. cxd5 Nc5 $6 (
12... b6 13. e4 Bc5 14. Na4 d6 $13 (14... Bd4 15. Nf5 Nxe4 16. Nxd4 exd4 17.
Qxd4 $14)) 13. b4 Na6 14. d6 $1 $16 Re6 15. Nb5 axb4 (15... Ne8 16. Bc4 Rh6 17.
Qb3 Nxd6 18. Nxd6 Rxd6 19. Bxf7+ Kh8 20. Bb2 $36) 16. Bc4 Qb6 17. axb4 Ne8 18.
Ne4 $1 (18. Bxe6 dxe6 {/\19...Bd7<=>} 19. d7 $2 Bxd7 20. Qxd7 Rd8 $15) 18...
Nxd6 (18... Rh6 19. Ng5 $18) 19. Nbxd6 Rxd6 20. Nxd6 (20. Qh5 $1 Rf6 21. Bb2
$18) 20... Qxd6 21. Qxd6 Bxd6 22. Rd1 Be7 {#} 23. Ra1 $1 Rb8 (23... Bxb4 24.
Bb2 d6 25. Ba3 Bxa3 26. Rxa3 Kf8 27. Rxd6 $18) 24. b5 Nc5 25. Ba3 Kf8 (25... d6
26. Bxc5 dxc5 27. Ra7 Kf8 28. Rda1 Ke8 29. Ra8 $18) 26. Rd5 b6 (26... d6 27.
Bxc5 dxc5 28. Rd2 b6 29. Ra7 $18) 27. Bxc5 $1 (27. Rxe5 $6 d6 (27... Bf6 28.
Rxc5 $18) 28. Rh5 Bg4 $132) 27... Bxc5 (27... bxc5 28. Rd2 $16) 28. Rxe5 d6 29.
Re4 Bb7 (29... f5 30. Rh4 h6 31. Ra7 $18) 30. Rf4 d5 31. Bb3 Rd8 32. Ra7 Rd7
33. h4 Bd6 34. Rd4 Bb8 35. Rxd5 $1 (35. Rxd5 Rxd5 (35... Bxd5 36. Rxd7 Bxb3 37.
Rd8+ $18) 36. Rxb7 Rd8 37. Rxf7+ Ke8 38. Rxg7 $18) 1-0

[Event "Gibraltar Masters"]
[Site "Gibraltar"]
[Date "2007.01.27"]
[Round "5"]
[White "Gurevich, Mikhail"]
[Black "Roiz, Michael"]
[Result "1/2-1/2"]
[WhiteElo "2635"]
[BlackElo "2605"]
[Annotator "Gurevich,M"]
[PlyCount "80"]
[EventDate "2007.01.23"]
[EventType "swiss"]
[EventRounds "9"]
[EventCountry "ENG"]
[SourceTitle "CBM 116 Extra"]
[Source "ChessBase"]
[SourceDate "2007.03.07"]
[SourceVersion "1"]
[SourceVersionDate "2007.03.07"]
[SourceQuality "1"]

1. d4 Nf6 2. c4 e6 3. Nc3 Bb4 4. e3 O-O 5. Nge2 d5 6. a3 Be7 7. cxd5 Nxd5 8. g3
(8. Bd2 Nf6 (8... Nd7 9. g3 Nxc3 10. Bxc3 c5 11. Bg2 cxd4 12. Nxd4 Nb6 13. O-O
Nd5 14. Be1 Bf6 15. Rc1 Qd7 16. Rc2 Rd8 17. Rd2 Qe8 18. Kh1 Bd7 19. e4 Nb6 20.
b3 Rac8 $15 {1/2-1/2 Volkov,S (2620)-Tomashevsky,E (2595)/Sochi 2006/CBM 111
ext (35)}) 9. g3 Nbd7 10. Bg2 c5 11. O-O Nb6 12. Qc2 cxd4 13. exd4 Bd7 14. Bxb7
Rb8 15. Bg2 Nc4 16. Rab1 Qb6 17. Bf4 Rbc8 18. Rfd1 Rfd8 19. h3 h6 20. g4 Bc6
$44 {0-1 Martinovic,S (2378)-Lenic,L (2517)/Nova Gorica SLO 2007/The Week in
Chess 639 (47)}) 8... c5 9. dxc5 Nxc3 10. Nxc3 Qxd1+ 11. Kxd1 Bxc5 12. Bg2 Be7
$5 (12... Nc6 13. Ke2 Bd7 14. b4 Be7 15. Bb2 Rfd8 16. Rhd1 Rac8 17. Rac1 Be8
18. Ne4 Rxd1 19. Kxd1 Rd8+ 20. Ke1 b6 21. Nd2 Nb8 $14 {1-0 Kuzubov,Y (2467)
-Alexandrova,O (2423)/Alushta 2004/CBM 102 ext (64)}) 13. Kc2 Rd8 14. b4 Nc6 (
14... a5 15. b5 Nd7 16. Rd1 Nc5 17. Rxd8+ Bxd8 18. a4 $14 {i/\19.Ba3,20.Rd1})
15. Bb2 Bd7 16. Rhd1 Be8 17. Rxd8 (17. f4 f6 $5 {i/\18...Bg6<=>}) (17. Rac1 $5)
17... Rxd8 18. Rd1 Rxd1 19. Kxd1 a6 $5 (19... Ne5 20. Bxb7 Nd3 21. Kc2 Nxf2 22.
Ne4 $14) 20. Ne4 $5 {i/\21.Nc5} Nd8 $1 $11 {i/\21...Bc6} 21. Nc5 Bxc5 22. bxc5
Bc6 23. e4 f6 {i/\24...e5} 24. f4 Kf7 25. Kd2 f5 $1 26. Ke3 g6 27. Bf3 fxe4 28.
Bxe4 Bxe4 29. Kxe4 h5 30. h3 Nc6 31. g4 hxg4 32. hxg4 Ke7 33. f5 exf5+ 34. gxf5
gxf5+ 35. Kxf5 Kd7 36. Ke4 Ke6 37. Bc3 Ne7 38. Be1 Kd7 39. Kd4 Kc6 40. Kc4 Nd5
1/2-1/2

[Event "North Sea Cup 15th"]
[Site "Esbjerg"]
[Date "2000.07.07"]
[Round "1"]
[White "Gurevich, Mikhail"]
[Black "Nielsen, Peter Heine"]
[Result "1-0"]
[WhiteElo "2667"]
[BlackElo "2578"]
[Annotator "Gurevich,M"]
[PlyCount "53"]
[EventDate "2000.07.07"]
[EventType "tourn"]
[EventRounds "9"]
[EventCountry "DEN"]
[EventCategory "14"]
[SourceTitle "CBM 078"]
[Source "ChessBase"]
[SourceDate "2000.10.18"]
[SourceVersion "1"]
[SourceVersionDate "2000.10.18"]
[SourceQuality "1"]

1. d4 Nf6 2. c4 e6 3. Nc3 Bb4 4. e3 O-O 5. Nge2 d5 6. cxd5 exd5 7. g3 Re8 8.
Bg2 c6 9. O-O Bd6 10. Qc2 a6 $5 {TN [ /\ 11...g6, 12...Bf5]} (10... g6 $6 11.
f3 c5 12. Nb5 $36) 11. Kh1 $1 {[/\ 12.f3, 13.e4|^]} (11. f3 $6 c5 $132) 11...
h5 $5 {[/\12...h4<=> >>]} (11... g6 12. f3 c5 13. dxc5 Bxc5 14. e4 $36) 12. f3
h4 13. gxh4 Nh5 14. e4 dxe4 $6 (14... Qxh4 15. e5 Be7 16. Be3 g6 17. Qd2 Ng7
$13) 15. Bg5 $1 (15. fxe4 Qxh4 16. e5 Rxe5 $1 17. dxe5 Bxe5 $40) 15... Be7 (
15... f6 16. fxe4 $1 fxg5 17. e5 $40 {(/\18. Qg6)}) 16. fxe4 Bxg5 17. hxg5 $16
c5 $5 (17... Qxg5 18. e5 {(/\ Nc3-e4-d6) ->}) 18. Bf3 $1 Qxg5 (18... cxd4 19.
Bxh5 g6 20. Nd5 $18) 19. Rg1 Qh4 20. Nd5 $1 {[/\ 21. Nc7, 21. Bxh5 Qxh5 22.
Nf6+]} Nf6 $5 21. Nef4 (21. Nc7 Ng4 22. Rg2 Nf2+ (22... Ne3 23. Rxg7+ Kxg7 24.
Nxe8+ $18) 23. Kg1 Nh3+ 24. Kf1 $18) 21... Nxd5 22. Nxd5 Nc6 23. Qxc5 Be6 $5 {
[ /\24...Bxd5<=>]} 24. Nc7 $1 $18 Qf6 (24... Qf4 25. Raf1 $1 Qxc7 26. Rxg7+ $1
Kxg7 27. Rg1+ Kh7 28. Qh5#) 25. Raf1 (25. Rxg7+ $5 Kxg7 26. Rg1+ Kh7 27. Qh5+
Qh6 28. d5 $16) 25... Bh3 {[#]} 26. Rxg7+ $1 Kh8 (26... Qxg7 27. Rg1 $18) (
26... Kxg7 27. Rg1+ Kh7 28. Qh5+ Qh6 29. Qxf7+ Kh8 30. Nxe8 $18) 27. Rg3 $1 (
27. Rg3 Bxf1 (27... Qh4 28. Rfg1 $18) 28. Qh5+) 1-0